LIBRARY & INFORMATION CENTRE, KCAET, TAVANUR

ONLINE PUBLIC ACCESS CATALOGUE (OPAC)

Normal view MARC view
  • Srivastava, PR

Entry Personal Name

Number of records used in: 1

001 - CONTROL NUMBER

  • control field: 7157

003 - CONTROL NUMBER IDENTIFIER

  • control field: OSt

005 - DATE AND TIME OF LATEST TRANSACTION

  • control field: 20250215113604.0

008 - FIXED-LENGTH DATA ELEMENTS

  • fixed length control field: 250215|| aca||aabn | a|a d

040 ## - CATALOGING SOURCE

  • Original cataloging agency: OSt
  • Transcribing agency: OSt

100 ## - HEADING--PERSONAL NAME

  • Personal name: Srivastava, PR

670 ## - SOURCE DATA FOUND

  • Source citation: Work cat.: (OSt)19385: Shukla, SK 7154, Water Resources Planning and Development, 1992.
free website counter